Estadísticas para Alimentos que comienzan con C

Haz click aquí para intentar la prueba.

Estadísticas generales

  • Esta prueba ha sido intentada 1.518 veces
  • La puntuación promedio es 15 de 20

Estadísticas de respuestas

Respuesta% Correcto
Cebolla
98%
Churro
98%
Cereza
97%
Chocolate
93%
Cangrejo
92%
Chorizo
92%
Coliflor
92%
Cruasán
92%
Canela
89%
Chicle
86%
Champiñón
84%
Crep
82%
Caviar
80%
Calamar
79%
Crème brûlée
66%
Cilantro
58%
Clavo
51%
Cannoli
26%
Cayú
22%
Corinto
6%

Distribución de puntuación

Porcentaje por número respondido

Porcentaje de gente con cada puntuación

Historial de tus puntuaciones

No has intentado esta prueba.